[Event "Mittelfranken-chTB2b 1819"]
[Site "Mittelfranken"]
[Date "2019.02.10"]
[Round "5.8"]
[White "Mueller, Lothar"]
[Black "Kurz, Leonhard"]
[Result "1-0"]
[WhiteElo "1822"]
[BlackElo "1468"]
[PlyCount "91"]
[EventDate "2018.10.14"]
[EventType "team-tourn"]
[EventRounds "9"]
[EventCountry "GER"]
[SourceTitle "EXT 2022"]
[Source "ChessBase"]
[SourceDate "2021.10.06"]
[SourceVersion "1"]
[SourceVersionDate "2021.10.06"]
[SourceQuality "1"]
[WhiteTeam "Neumarkt"]
[BlackTeam "Nuernberg SK 1911 II"]
[WhiteTeamCountry "GER"]
[BlackTeamCountry "GER"]

1. e4 c5 2. Nf3 d6 3. d4 cxd4 4. c3 dxc3 5. Nxc3 Nf6 6. Bc4 e6 7. 0-0 a6 8. Qe2 Be7 9. Rd1 Qc7 10. h3 0-0 11. Bf4 e5 12. Be3 b5 13. Bd5 Bb7 14. Rac1 Nc6 15. Bxc6 Bxc6 16. Nd5 Qb7 17. Rxc6 Nxd5 18. exd5 Rfc8 19. Rdc1 Rxc6 20. Rxc6 Qd7 21. Qc2 Bd8 22. Ng5 Bxg5 23. Bxg5 f6 24. Be3 Qf7 25. Rxd6 Qg6 26. Qxg6 hxg6 27. Kf1 Kf8 28. Ke2 Ke8 29. Kd3 a5 30. Rc6 Kd7 31. a3 Rb8 32. Bc5 a4 33. Kc3 Rb7 34. Kb4 g5 35. Ra6 e4 36. Ra7 Rxa7 37. Bxa7 Kd6 38. Kxb5 Kxd5 39. Be3 Ke5 40. Kc4 f5 41. Bxg5 f4 42. g3 fxg3 43. fxg3 Kf5 44. Be3 g5 45. g4+ Ke5 46. Bxg5 1-0

[Event "Nuremberg Zabo op 14th"]
[Site "Nuremberg"]
[Date "2012.09.16"]
[Round "5"]
[White "Babichev, Vyacheslav"]
[Black "Kurz, Leonhard"]
[Result "1/2-1/2"]
[WhiteElo "1650"]
[BlackElo "1565"]
[PlyCount "167"]
[EventDate "2012.09.14"]
[EventType "swiss"]
[EventRounds "5"]
[EventCountry "GER"]
[SourceTitle "EXT 2018"]
[Source "ChessBase"]
[SourceDate "2017.10.13"]
[SourceVersion "1"]
[SourceVersionDate "2017.10.13"]
[SourceQuality "1"]

1. b3 e5 2. Bb2 Nc6 3. e3 d5 4. Bb5 Bd7 5. Bxc6 Bxc6 6. Bxe5 Qg5 7. Bg3 0-0-0 8. Nf3 Qg4 9. 0-0 f6 10. Nd4 Qd7 11. a4 g5 12. c3 h5 13. h3 h4 14. Bh2 Nh6 15. f3 f5 16. b4 b6 17. b5 Bb7 18. Be5 Rg8 19. Ne2 Be7 20. Na3 g4 21. Nf4 Rde8 22. d4 Bd6 23. Bxd6 Qxd6 24. Qd3 gxh3 25. Nxh3 Qg3 26. Nf4 h3 27. Ra2 h2+ 28. Kh1 Rh8 29. Re2 Rhg8 30. Nh3 Re7 31. Nf4 Reg7 32. Nh5 Qd6 33. Nxg7 Qxa3 34. Nxf5 Nxf5 35. Qxf5+ Kb8 36. Qc2 a6 37. Kxh2 Qe7 38. Rh1 Qa3 39. g4 Bc8 40. Kg2 Bxg4 41. fxg4 Rxg4+ 42. Kh3 Rg8 43. Qf5 Qd6 44. Qf4 Qg6 45. Qh4 Qg7 46. Rf2 a5 47. Re2 Rh8 48. Qxh8+ Qxh8+ 49. Kg2 Qg8+ 50. Kf1 Qg6 51. Rg1 Qd3 52. Rgg2 Qxc3 53. Rg8+ Kb7 54. Re8 Qa1+ 55. Kg2 Qxa4 56. Rf2 Qxb5 57. Rff8 Qc4 58. Rb8+ Ka6 59. Ra8+ Kb5 60. Kf3 a4 61. Rfc8 c6 62. Kf4 Qd3 63. Re8 a3 64. Re7 Qc2 65. Ke5 a2 66. Ra3 Qh2+ 67. Ke6 Qh3+ 68. Kd6 Qg3+ 69. Ke6 Qg4+ 70. Kf7 Qh5+ 71. Ke6 Qg6+ 72. Kd7 Qb1 73. Ke6 a1Q 74. Rxa1 Qxa1 75. Kd6 Qa3+ 76. Kd7 Qxe7+ 77. Kxe7 Kc4 78. Kd6 b5 79. Kxc6 b4 80. e4 b3 81. exd5 b2 82. d6 b1Q 83. d7 Qb8 84. d5 1/2-1/2

[Event "Nuremberg LGA Cup 6th"]
[Site "Nuremberg"]
[Date "2009.09.06"]
[Round "7"]
[White "Kenzel, Stephan"]
[Black "Kurz, Leonhard"]
[Result "0-1"]
[WhiteElo "1196"]
[BlackElo "1577"]
[PlyCount "62"]
[EventDate "2009.09.03"]
[EventType "swiss"]
[EventRounds "7"]
[EventCountry "GER"]
[SourceTitle "CBM 132 Extra"]
[Source "ChessBase"]
[SourceDate "2009.11.03"]
[SourceVersion "1"]
[SourceVersionDate "2009.11.03"]
[SourceQuality "1"]

1. e4 c5 2. Nf3 d6 3. d4 cxd4 4. Nxd4 Nf6 5. Nc3 Nc6 6. Be3 a6 7. Be2 g6 8. 0-0 Bg7 9. Qd2 0-0 10. Rfd1 Ng4 11. Nxc6 bxc6 12. Bxg4 Bxg4 13. f3 Bd7 14. Bh6 Qb6+ 15. Be3 Qxb2 16. Bh6 Qxc3 17. Qxc3 Bxc3 18. Rab1 Rfb8 19. Rb3 Rxb3 20. axb3 Bg7 21. Bxg7 Kxg7 22. e5 d5 23. c4 Be6 24. Rc1 Rb8 25. Rc3 d4 26. Rd3 c5 27. g4 Rb4 28. Kf2 a5 29. Ke2 a4 30. bxa4 Rxa4 31. h3 Bxc4 0-1

[Event "Mittelfranken Mitte-ch 0809"]
[Site "Zirndorf"]
[Date "2009.01.06"]
[Round "1"]
[White "Redzepovic, Irfan"]
[Black "Kurz, Leonhard"]
[Result "1-0"]
[WhiteElo "2092"]
[BlackElo "1636"]
[PlyCount "21"]
[EventDate "2009.01.06"]
[EventType "swiss"]
[EventRounds "7"]
[EventCountry "GER"]
[SourceTitle "EXT 2015"]
[Source "ChessBase"]
[SourceDate "2014.11.20"]
[SourceVersion "1"]
[SourceVersionDate "2014.11.20"]
[SourceQuality "1"]

1. d4 Nf6 2. Nf3 c6 3. c4 d5 4. Nc3 Bf5 5. cxd5 cxd5 6. Qb3 b6 7. Bg5 e6 8. e4 dxe4 9. Bb5+ Nbd7 10. Ne5 Be7 11. Bxf6 1-0

[Event "Bayern-ch Seniors 19th"]
[Site "Schloss Schney"]
[Date "2007.06.20"]
[Round "9"]
[White "Kurz, Leonhard"]
[Black "Fiedler, Werner"]
[Result "0-1"]
[WhiteElo "1560"]
[BlackElo "1643"]
[PlyCount "82"]
[EventDate "2007.06.12"]
[EventType "swiss"]
[EventRounds "9"]
[EventCountry "GER"]
[SourceTitle "EXT 2008"]
[Source "ChessBase"]
[SourceDate "2007.11.25"]
[SourceVersion "1"]
[SourceVersionDate "2007.11.25"]
[SourceQuality "1"]

1. e4 c5 2. c3 e5 3. Bc4 d6 4. d3 h6 5. Ne2 Nf6 6. Qb3 Qc7 7. 0-0 a6 8. a4 Nc6 9. Qd1 Be7 10. Ng3 0-0 11. Be3 Bd7 12. Nd2 Ng4 13. Qe2 Nxe3 14. fxe3 Bg5 15. Nf5 Be6 16. h4 Be7 17. Qg4 Bxf5 18. exf5 Bf6 19. Ne4 Qe7 20. Qg6 Kh8 21. Qh5 Kh7 22. g4 g6 23. Nxf6+ Qxf6 24. g5 gxh5 25. gxf6 Rg8+ 26. Kh2 Raf8 27. Rg1 Rg4 28. Rxg4 hxg4 29. h5 Nd8 30. Kg3 Rg8 31. e4 Rg5 32. Kh4 g3 33. Rg1 g2 34. a5 Kg8 35. b4 Nc6 36. b5 axb5 37. Bd5 Nxa5 38. Kh3 Rxh5+ 39. Kxg2 Rg5+ 40. Kf2 Rxg1 41. Kxg1 b4 0-1

[Event "Bayern-ch Seniors 19th"]
[Site "Schloss Schney"]
[Date "2007.06.17"]
[Round "6"]
[White "Alefs, Heinz"]
[Black "Kurz, Leonhard"]
[Result "1-0"]
[WhiteElo "1695"]
[BlackElo "1560"]
[PlyCount "120"]
[EventDate "2007.06.12"]
[EventType "swiss"]
[EventRounds "9"]
[EventCountry "GER"]
[SourceTitle "EXT 2008"]
[Source "ChessBase"]
[SourceDate "2007.11.25"]
[SourceVersion "1"]
[SourceVersionDate "2007.11.25"]
[SourceQuality "1"]

1. d4 d5 2. Nf3 Nf6 3. e3 e6 4. Bd3 b6 5. Nbd2 Bb7 6. 0-0 Nbd7 7. Re1 c5 8. c3 Be7 9. e4 dxe4 10. Nxe4 0-0 11. Qd2 h6 12. h3 Rc8 13. Qe2 Nd5 14. Ne5 cxd4 15. cxd4 Nb4 16. Nxd7 Qxd7 17. Be3 Nxd3 18. Qxd3 Qd5 19. f3 Qc4 20. Qxc4 Rxc4 21. Rac1 Rfc8 22. Rxc4 Rxc4 23. Rc1 Bd5 24. Rxc4 Bxc4 25. b3 Bd3 26. Bd2 a5 27. Kf2 f5 28. Nc3 g5 29. Ke3 Ba6 30. Na4 Bd8 31. g3 Bc7 32. Kf2 Kf7 33. a3 Bd3 34. b4 Bc2 35. Nc3 a4 36. Nb5 Bb8 37. Be3 f4 38. gxf4 gxf4 39. Bd2 Ke7 40. Nc3 Kf6 41. d5 Ke5 42. dxe6 Kxe6 43. Ne2 Kd5 44. Bxf4 Bxf4 45. Nxf4+ Kc4 46. Ne2 Bh7 47. Nc1 Kc3 48. Ke2 Kb2 49. Kd2 Kxa3 50. Kc3 b5 51. Ne2 Ka2 52. Nd4 Bg8 53. Nxb5 Kb1 54. Kd4 Kc2 55. Nc3 a3 56. b5 Be6 57. b6 Bc8 58. f4 Kb3 59. f5 a2 60. Nxa2 Kxa2 1-0

[Event "Bayern-ch Seniors 19th"]
[Site "Schloss Schney"]
[Date "2007.06.14"]
[Round "3"]
[White "Kurz, Leonhard"]
[Black "Romanow, Werner"]
[Result "0-1"]
[WhiteElo "1560"]
[BlackElo "1997"]
[PlyCount "118"]
[EventDate "2007.06.12"]
[EventType "swiss"]
[EventRounds "9"]
[EventCountry "GER"]
[SourceTitle "EXT 2008"]
[Source "ChessBase"]
[SourceDate "2007.11.25"]
[SourceVersion "1"]
[SourceVersionDate "2007.11.25"]
[SourceQuality "1"]

1. e4 c5 2. c3 d6 3. d4 cxd4 4. cxd4 g6 5. Nf3 Bg7 6. Nc3 Nc6 7. Be3 Bd7 8. Be2 Nf6 9. h3 Qa5 10. 0-0 0-0 11. Qd2 Rfe8 12. a3 a6 13. b4 Qd8 14. Rac1 e5 15. d5 Ne7 16. Ne1 b5 17. Nd3 Nc8 18. Bg5 Qb6 19. Kh1 Qb7 20. f3 Nb6 21. Nb2 Nh5 22. Kh2 Rac8 23. Rc2 f5 24. g4 Nf6 25. gxf5 gxf5 26. Bh6 f4 27. Bxg7 Kxg7 28. Rg1+ Kh8 29. Qe1 Rg8 30. Qh4 Rxg1 31. Kxg1 Rg8+ 32. Kh2 Rg6 33. Bf1 Qc8 34. Rg2 Kg7 35. Rxg6+ hxg6 36. Ncd1 Qc1 37. Qf2 Nc4 38. Bxc4 bxc4 39. Qe2 c3 40. Nd3 Qxa3 41. Qc2 Qa1 42. Nxc3 Qf1 43. Qe2 Qxh3+ 44. Kg1 g5 45. Qg2 Qxg2+ 46. Kxg2 g4 47. Nb2 gxf3+ 48. Kxf3 Kf7 49. Nc4 Ke7 50. Nb6 Be8 51. Nc8+ Kd7 52. Na7 Kc7 53. b5 Kb7 54. Nc6 axb5 55. Nxb5 Bh5+ 56. Kg2 Nxe4 57. Ne7 Kb6 58. Na3 Kc5 59. Nc2 Nc3 0-1

[Event "Nuremberg Zabo op 08th"]
[Site "Nuremberg"]
[Date "2006.09.24"]
[Round "4"]
[White "Dreiseitel, Werner"]
[Black "Kurz, Leonhard"]
[Result "1-0"]
[WhiteElo "1425"]
[BlackElo "1563"]
[PlyCount "93"]
[EventDate "2006.09.22"]
[EventType "swiss"]
[EventRounds "5"]
[EventCountry "GER"]
[SourceTitle "EXT 2012"]
[Source "ChessBase"]
[SourceDate "2011.11.24"]
[SourceVersion "1"]
[SourceVersionDate "2011.11.24"]
[SourceQuality "1"]

1. d4 Nf6 2. c4 e6 3. Nc3 d5 4. Bg5 Be7 5. e3 h6 6. Bf4 c6 7. cxd5 exd5 8. Bd3 0-0 9. h3 Qb6 10. Qc2 Be6 11. Nf3 Nbd7 12. 0-0 Rac8 13. Rfc1 Nh5 14. Bh2 f5 15. Ne2 c5 16. Qb1 c4 17. Bc2 Bd6 18. Bxd6 Qxd6 19. Nh4 g6 20. Nxg6 Rf6 21. Ngf4 Nxf4 22. Nxf4 Rcf8 23. Bd1 R8f7 24. Bh5 Rg7 25. Bf3 Bf7 26. Qc2 Nf8 27. Qc3 Nh7 28. Qa5 b6 29. Qxa7 Ng5 30. Qa8+ Kh7 31. Bxd5 Nxh3+ 32. Kf1 Nxf4 33. Bxf7 Nd3 34. Bxc4 Nxc1 35. Rxc1 f4 36. exf4 Qxf4 37. Bd3+ Rgg6 38. Bxg6+ Kxg6 39. Rc2 Qxd4 40. Qg8+ Kh5 41. Qe8+ Kg5 42. Re2 Qd1+ 43. Re1 Qd3+ 44. Kg1 Qc2 45. Re5+ Rf5 46. Qe7+ Kf4 47. g3+ 1-0

[Event "Bayern-ch Seniors 18th"]
[Site "Schloss Schney"]
[Date "2006.06.29"]
[Round "5"]
[White "Neumeister, Herbert D"]
[Black "Kurz, Leonhard"]
[Result "1/2-1/2"]
[WhiteElo "1753"]
[BlackElo "1634"]
[PlyCount "56"]
[EventDate "2006.06.25"]
[EventType "swiss"]
[EventRounds "9"]
[EventCountry "GER"]
[SourceTitle "EXT 2007"]
[Source "ChessBase"]
[SourceDate "2006.11.23"]
[SourceVersion "1"]
[SourceVersionDate "2006.11.23"]
[SourceQuality "1"]

1. d4 d5 2. Nf3 Nf6 3. e3 c6 4. Bd3 g6 5. 0-0 Bg7 6. Nbd2 0-0 7. c3 Nbd7 8. Qe2 Qc7 9. e4 dxe4 10. Nxe4 Nxe4 11. Qxe4 Nf6 12. Qh4 Nh5 13. Re1 Re8 14. Ne5 Qd6 15. g4 Bxe5 16. Rxe5 Ng7 17. Bh6 Be6 18. b3 Rac8 19. b4 b6 20. Rae1 Rc7 21. f4 Bxa2 22. f5 f6 23. Bxg7 Kxg7 24. fxg6 hxg6 25. R5e2 Bf7 26. g5 Rh8 27. gxf6+ exf6 28. Qg4 Rh5 1/2-1/2

[Event "Bayern-ch Seniors 18th"]
[Site "Schloss Schney"]
[Date "2006.06.26"]
[Round "2"]
[White "Kurz, Leonhard"]
[Black "Narr, Irmgard"]
[Result "0-1"]
[WhiteElo "1634"]
[BlackElo "1513"]
[PlyCount "66"]
[EventDate "2006.06.25"]
[EventType "swiss"]
[EventRounds "9"]
[EventCountry "GER"]
[SourceTitle "EXT 2007"]
[Source "ChessBase"]
[SourceDate "2006.11.23"]
[SourceVersion "1"]
[SourceVersionDate "2006.11.23"]
[SourceQuality "1"]

1. e4 e6 2. d4 d5 3. Nc3 dxe4 4. Nxe4 Nc6 5. Nf3 Be7 6. Be3 Nf6 7. Nxf6+ Bxf6 8. c3 0-0 9. Bd3 b6 10. Qc2 h6 11. 0-0-0 a5 12. h4 a4 13. g4 a3 14. b3 Be7 15. Qd2 Qd5 16. Rh3 b5 17. Bxh6 b4 18. c4 Qd6 19. Bf4 Qd7 20. Bc2 Bd6 21. Qd3 Bxf4+ 22. Kb1 f5 23. g5 Ba6 24. h5 Qe7 25. Rg1 Rad8 26. h6 g6 27. h7+ Kh8 28. Rh6 Qg7 29. Nh4 Ne7 30. Nf3 Bb7 31. Rh4 Be4 32. Qe2 Bxf3 33. Qxf3 Qxd4 0-1

[Event "Bayern-ch Seniors 18th"]
[Site "Schloss Schney"]
[Date "2006.06.25"]
[Round "1"]
[White "Kahn, Peter"]
[Black "Kurz, Leonhard"]
[Result "1-0"]
[WhiteElo "2023"]
[BlackElo "1634"]
[PlyCount "73"]
[EventDate "2006.06.25"]
[EventType "swiss"]
[EventRounds "9"]
[EventCountry "GER"]
[SourceTitle "EXT 2007"]
[Source "ChessBase"]
[SourceDate "2006.11.23"]
[SourceVersion "1"]
[SourceVersionDate "2006.11.23"]
[SourceQuality "1"]

1. d4 d5 2. Nf3 Nf6 3. e3 e6 4. Bd3 b6 5. c3 c5 6. Nbd2 Ba6 7. Bxa6 Nxa6 8. Qa4+ Qd7 9. Qxa6 Bd6 10. Qe2 0-0 11. 0-0 Rfe8 12. Ne5 Qc7 13. f4 cxd4 14. exd4 Nd7 15. Ndf3 f6 16. Nxd7 Qxd7 17. Qd3 e5 18. fxe5 fxe5 19. Ng5 e4 20. Qh3 Qxh3 21. Nxh3 Rf8 22. Bf4 Bxf4 23. Rxf4 Rxf4 24. Nxf4 Rd8 25. Rf1 Rd6 26. Ne2 g6 27. Kf2 Kf7 28. Ke3+ Ke7 29. g4 b5 30. g5 a5 31. Rf6 Rxf6 32. gxf6+ Kxf6 33. Nf4 Kg5 34. Nxd5 Kg4 35. Nf6+ Kh3 36. Nxh7 Kxh2 37. d5 1-0

[Event "Nuremberg Zabo op 07th"]
[Site "Nuremberg"]
[Date "2005.09.25"]
[Round "4"]
[White "Walter, Florian"]
[Black "Kurz, Leonhard"]
[Result "1-0"]
[WhiteElo "1564"]
[BlackElo "1665"]
[PlyCount "139"]
[EventDate "2005.09.23"]
[EventType "swiss"]
[EventRounds "5"]
[EventCountry "GER"]
[SourceTitle "EXT 2012"]
[Source "ChessBase"]
[SourceDate "2011.11.24"]
[SourceVersion "1"]
[SourceVersionDate "2011.11.24"]
[SourceQuality "1"]

1. e4 c5 2. Nf3 d6 3. d4 cxd4 4. Nxd4 Nf6 5. Nc3 a6 6. Bg5 e6 7. f4 Be7 8. g4 Nc6 9. h3 Qb6 10. Nb3 Qe3+ 11. Qe2 Qg3+ 12. Qf2 Qxf2+ 13. Kxf2 b5 14. Rd1 b4 15. Bxf6 gxf6 16. Ne2 Bb7 17. Bg2 Rc8 18. Rd2 e5 19. Rhd1 h5 20. fxe5 fxe5 21. Bf3 hxg4 22. Bxg4 Rc7 23. Ng3 Bc8 24. Kf3 a5 25. Ne2 a4 26. Nbc1 Bxg4+ 27. hxg4 Kd7 28. Nd3 Ke6 29. Nf2 Rhc8 30. c3 b3 31. axb3 axb3 32. Ra1 Ra7 33. Rxa7 Nxa7 34. Nc1 Bg5 35. Rd1 Rb8 36. Nfd3 Nc6 37. Ne2 Ra8 38. Ng3 Ra2 39. Nf5 Na5 40. Nb4 Nc4 41. Nxa2 bxa2 42. Ra1 Nxb2 43. Rxa2 Nc4 44. Ke2 f6 45. Ra6 Kd7 46. Ra4 Nb2 47. Rb4 Bc1 48. Ng3 Kc6 49. Nf1 Kc5 50. Nd2 Bxd2 51. Kxd2 Nc4+ 52. Kd3 Nb6 53. Rb1 d5 54. Rf1 Nd7 55. Rh1 dxe4+ 56. Kxe4 Kc4 57. Rh3 Nc5+ 58. Kf5 Nd3 59. Kxf6 e4 60. Re3 Kxc3 61. Rxe4 Nc5 62. Re8 Kd4 63. g5 Nd7+ 64. Ke7 Ne5 65. Kf6 Nd7+ 66. Kf5 Kd5 67. Rd8 Kd6 68. Kg6 Ke7 69. Rxd7+ Kxd7 70. Kf7 1-0

[Event "Nuremberg Zabo op 07th"]
[Site "Nuremberg"]
[Date "2005.09.23"]
[Round "1"]
[White "Kurz, Leonhard"]
[Black "Junk, Philipp"]
[Result "1-0"]
[WhiteElo "1665"]
[BlackElo "2029"]
[PlyCount "53"]
[EventDate "2005.09.23"]
[EventType "swiss"]
[EventRounds "5"]
[EventCountry "GER"]
[SourceTitle "EXT 2012"]
[Source "ChessBase"]
[SourceDate "2011.11.24"]
[SourceVersion "1"]
[SourceVersionDate "2011.11.24"]
[SourceQuality "1"]

1. e4 e5 2. Nc3 Nc6 3. f4 exf4 4. Nf3 g5 5. d4 Bg7 6. Bc4 d6 7. h4 g4 8. Ng5 Nh6 9. Bxf4 Bxd4 10. Bb5 Qf6 11. Qd2 Bd7 12. Nd5 Qd8 13. Bxc6 bxc6 14. Qxd4 Rg8 15. Nf6+ Ke7 16. Nxg8+ Qxg8 17. e5 Nf5 18. exd6+ cxd6 19. Qe4+ Kf8 20. 0-0-0 Re8 21. Qa4 Ra8 22. Bxd6+ Nxd6 23. Rxd6 Ke7 24. Rhd1 Be8 25. Qb4 Kf8 26. Rg6+ c5 27. Qxc5# 1-0

[Event "Bayern-ch Seniors 17th"]
[Site "Schloss Schney"]
[Date "2005.06.18"]
[Round "9"]
[White "Kurz, Leonhard"]
[Black "Schuster, Herbert"]
[Result "1-0"]
[WhiteElo "1676"]
[BlackElo "1672"]
[PlyCount "35"]
[EventDate "2005.06.10"]
[EventType "swiss"]
[EventRounds "9"]
[EventCountry "GER"]
[SourceTitle "EXT 2006"]
[Source "ChessBase"]
[SourceDate "2005.11.24"]
[SourceVersion "1"]
[SourceVersionDate "2005.11.24"]
[SourceQuality "1"]

1. e4 e5 2. Nc3 Bc5 3. f4 exf4 4. Nf3 d6 5. d4 Bb4 6. Bxf4 Bxc3+ 7. bxc3 Bg4 8. Bc4 Bxf3 9. Qxf3 Qd7 10. 0-0 Nc6 11. Qg3 f6 12. e5 g5 13. Bxg5 fxg5 14. Bf7+ Qxf7 15. Rxf7 Kxf7 16. Qxg5 Nge7 17. Qf6+ Kg8 18. Rf1 1-0

[Event "Bayern-ch Seniors 17th"]
[Site "Schloss Schney"]
[Date "2005.06.17"]
[Round "8"]
[White "Straesser, Gerda"]
[Black "Kurz, Leonhard"]
[Result "1/2-1/2"]
[WhiteElo "1533"]
[BlackElo "1676"]
[PlyCount "71"]
[EventDate "2005.06.10"]
[EventType "swiss"]
[EventRounds "9"]
[EventCountry "GER"]
[SourceTitle "EXT 2006"]
[Source "ChessBase"]
[SourceDate "2005.11.24"]
[SourceVersion "1"]
[SourceVersionDate "2005.11.24"]
[SourceQuality "1"]

1. e4 c5 2. Nf3 d6 3. d4 cxd4 4. Nxd4 Nf6 5. Nc3 a6 6. Be2 g6 7. Be3 Bg7 8. 0-0 Bd7 9. f3 Nc6 10. Qd2 Rc8 11. Rac1 0-0 12. Kh1 Qa5 13. Rfd1 Ne5 14. Nd5 Qxd2 15. Nxe7+ Kh8 16. Rxd2 Rc7 17. c4 b5 18. Rdc2 bxc4 19. Nd5 Nxd5 20. exd5 Rc5 21. f4 Ng4 22. Bxg4 Bxg4 23. Rxc4 Rxd5 24. b3 Re8 25. Bf2 Bf6 26. h3 Be2 27. Rc8 Bb5 28. Nxb5 Rxc8 29. Rxc8+ Kg7 30. Na3 Ra5 31. Nc4 Rxa2 32. Bg3 Ra1+ 33. Kh2 Bd4 34. Nxd6 Bg1+ 35. Kh1 Bc5+ 36. Kh2 1/2-1/2

[Event "Bayern-ch Seniors 17th"]
[Site "Schloss Schney"]
[Date "2005.06.13"]
[Round "4"]
[White "Erdmann, Wolfgang"]
[Black "Kurz, Leonhard"]
[Result "0-1"]
[WhiteElo "1528"]
[BlackElo "1676"]
[PlyCount "104"]
[EventDate "2005.06.10"]
[EventType "swiss"]
[EventRounds "9"]
[EventCountry "GER"]
[SourceTitle "EXT 2006"]
[Source "ChessBase"]
[SourceDate "2005.11.24"]
[SourceVersion "1"]
[SourceVersionDate "2005.11.24"]
[SourceQuality "1"]

1. d4 d5 2. Nf3 Nf6 3. e3 c5 4. c3 Nc6 5. b3 Bg4 6. Nbd2 e6 7. Be2 Bd6 8. h3 Bf5 9. Nh4 Be4 10. Nhf3 cxd4 11. cxd4 0-0 12. 0-0 Rc8 13. a3 Na5 14. Nxe4 Nxe4 15. Bb2 Qb6 16. b4 Nc4 17. Bxc4 Rxc4 18. Nd2 Nxd2 19. Qxd2 Rfc8 20. Rfc1 R8c6 21. Rxc4 dxc4 22. Qc3 f6 23. Rc1 Qc7 24. Qd2 Qf7 25. Rc3 b5 26. Rc1 Bb8 27. Bc3 Rd6 28. Qe2 Qc7 29. g3 Qd7 30. Qg4 Rd5 31. h4 e5 32. Qxd7 Rxd7 33. Kf1 Kf7 34. Ke2 exd4 35. Bxd4 Be5 36. Bxe5 fxe5 37. Rc3 e4 38. a4 a6 39. axb5 axb5 40. f3 Rd3 41. Rxd3 cxd3+ 42. Kd2 exf3 43. Kxd3 Ke6 44. e4 f2 45. Ke2 f1Q+ 46. Kxf1 Ke5 47. Ke2 Kxe4 48. Kd2 Kd4 49. Kc2 Kc4 50. Kb2 Kxb4 51. Kb1 Kb3 52. Ka1 Kc2 0-1

[Event "Bayern-ch Seniors 17th"]
[Site "Schloss Schney"]
[Date "2005.06.12"]
[Round "3"]
[White "Kurz, Leonhard"]
[Black "Schlickenrieder, Gerhard"]
[Result "0-1"]
[WhiteElo "1676"]
[BlackElo "2039"]
[PlyCount "56"]
[EventDate "2005.06.10"]
[EventType "swiss"]
[EventRounds "9"]
[EventCountry "GER"]
[SourceTitle "EXT 2006"]
[Source "ChessBase"]
[SourceDate "2005.11.24"]
[SourceVersion "1"]
[SourceVersionDate "2005.11.24"]
[SourceQuality "1"]

1. e4 c5 2. c3 Nc6 3. Nf3 d6 4. d4 Qb6 5. Bc4 Nf6 6. e5 dxe5 7. dxe5 Ng4 8. Qe2 e6 9. h3 Nh6 10. Bf4 Nf5 11. 0-0 Be7 12. Na3 a6 13. g3 h6 14. Bd3 g5 15. Nc4 Qc7 16. Bxf5 gxf4 17. Bc2 b5 18. Ncd2 fxg3 19. fxg3 Bb7 20. Qe3 0-0-0 21. a4 Bg5 22. Qe2 Bxd2 23. axb5 axb5 24. Nxd2 Qxe5 25. Qxe5 Nxe5 26. Ne4 c4 27. Nc5 Nf3+ 28. Kh1 Rd2 0-1

[Event "Bayern-ch Seniors 17th"]
[Site "Schloss Schney"]
[Date "2005.06.10"]
[Round "1"]
[White "Kurz, Leonhard"]
[Black "Groenegress, Wilfried"]
[Result "0-1"]
[WhiteElo "1676"]
[BlackElo "2049"]
[PlyCount "50"]
[EventDate "2005.06.10"]
[EventType "swiss"]
[EventRounds "9"]
[EventCountry "GER"]
[SourceTitle "EXT 2006"]
[Source "ChessBase"]
[SourceDate "2005.11.24"]
[SourceVersion "1"]
[SourceVersionDate "2005.11.24"]
[SourceQuality "1"]

1. e4 c5 2. c3 Nf6 3. e5 Nd5 4. d4 cxd4 5. cxd4 e6 6. Nc3 Nxc3 7. bxc3 Qc7 8. Qc2 d6 9. f4 Nc6 10. Bd3 g6 11. Nf3 d5 12. h4 h5 13. Ng5 Rg8 14. g4 hxg4 15. h5 gxh5 16. Rxh5 Bd7 17. Nxf7 Kxf7 18. f5 exf5 19. Bxf5 Bxf5 20. Qxf5+ Ke8 21. Qe6+ Ne7 22. Rh7 Qxc3+ 23. Bd2 Qxa1+ 24. Ke2 Rg7 25. Rh8 Rf7 0-1

[Event "Nuremberg-ch op 05th"]
[Site "Nuremberg"]
[Date "2005.05.08"]
[Round "5"]
[White "Hegele, Juergen"]
[Black "Kurz, Leonhard"]
[Result "1-0"]
[WhiteElo "1870"]
[BlackElo "1676"]
[PlyCount "53"]
[EventDate "2005.05.06"]
[EventType "swiss"]
[EventRounds "5"]
[EventCountry "GER"]
[SourceTitle "EXT 2007"]
[Source "ChessBase"]
[SourceDate "2006.11.23"]
[SourceVersion "1"]
[SourceVersionDate "2006.11.23"]
[SourceQuality "1"]

1. c4 Nf6 2. g3 e5 3. Bg2 c6 4. d4 Bb4+ 5. Bd2 Qe7 6. dxe5 Bxd2+ 7. Qxd2 Qxe5 8. Nf3 Qc5 9. Qd4 Na6 10. Nc3 0-0 11. 0-0 d5 12. cxd5 cxd5 13. Qxc5 Nxc5 14. Rfd1 Be6 15. Ng5 Rfd8 16. Nxe6 fxe6 17. b4 Na6 18. a3 Nc7 19. e3 b5 20. Rac1 Rac8 21. Bh3 a6 22. Ne2 Kf7 23. Rc6 Nfe8 24. Rdc1 Rd6 25. Nd4 Ke7 26. Nxe6 Rxc6 27. Rxc6 1-0

[Event "Nuremberg-ch op 05th"]
[Site "Nuremberg"]
[Date "2005.05.08"]
[Round "4"]
[White "Kurz, Leonhard"]
[Black "Rauch, Martin"]
[Result "1-0"]
[WhiteElo "1676"]
[BlackElo "1641"]
[PlyCount "75"]
[EventDate "2005.05.06"]
[EventType "swiss"]
[EventRounds "5"]
[EventCountry "GER"]
[SourceTitle "EXT 2007"]
[Source "ChessBase"]
[SourceDate "2006.11.23"]
[SourceVersion "1"]
[SourceVersionDate "2006.11.23"]
[SourceQuality "1"]

1. e4 c5 2. c3 e6 3. d4 d5 4. e5 Nc6 5. f4 cxd4 6. cxd4 f6 7. Nf3 Bb4+ 8. Nc3 fxe5 9. fxe5 Nge7 10. Bd3 0-0 11. 0-0 a6 12. Bxh7+ Kh8 13. Ng5 Rxf1+ 14. Kxf1 Qf8+ 15. Kg1 g6 16. Qg4 Qf5 17. Qh4 Kg7 18. Be3 Qd3 19. Bg8 Qxe3+ 20. Kh1 Kf8 21. Bf7 Qxg5 22. Qxg5 Kxf7 23. Rf1+ Ke8 24. Na4 Kd8 25. a3 Ba5 26. b4 Bb6 27. Nxb6 Rb8 28. Nxc8 Rxc8 29. Rf8+ Kd7 30. Rxc8 Kxc8 31. g4 Kd7 32. Qf4 Nd8 33. h4 Ke8 34. h5 Nf7 35. h6 g5 36. Qf6 Ng8 37. Qxe6+ Kf8 38. Qc8+ 1-0

[Event "Nuremberg-ch op 05th"]
[Site "Nuremberg"]
[Date "2005.05.07"]
[Round "3"]
[White "Dreiseitel, Ursula"]
[Black "Kurz, Leonhard"]
[Result "1/2-1/2"]
[WhiteElo "1290"]
[BlackElo "1676"]
[PlyCount "111"]
[EventDate "2005.05.06"]
[EventType "swiss"]
[EventRounds "5"]
[EventCountry "GER"]
[SourceTitle "EXT 2007"]
[Source "ChessBase"]
[SourceDate "2006.11.23"]
[SourceVersion "1"]
[SourceVersionDate "2006.11.23"]
[SourceQuality "1"]

1. Nf3 d5 2. d3 Nf6 3. g3 b6 4. Bg2 Bb7 5. Nc3 Nbd7 6. 0-0 e6 7. Ng5 h6 8. Nh3 e5 9. e4 c6 10. b3 b5 11. Bb2 d4 12. Ne2 Ng4 13. Qd2 c5 14. c3 Be7 15. cxd4 cxd4 16. Rac1 0-0 17. Rc2 Rc8 18. Rfc1 Rxc2 19. Rxc2 f5 20. Qc1 Bd6 21. Nxd4 exd4 22. Bxd4 fxe4 23. dxe4 a6 24. Nf4 Bxf4 25. gxf4 Ndf6 26. Bc5 Rf7 27. f3 Nd7 28. fxg4 Nxc5 29. e5 Bxg2 30. Kxg2 Nd3 31. Rc8 Nxc1 32. Rxd8+ Rf8 33. Rd4 Ne2 34. Re4 Nxf4+ 35. Kg3 Nd5 36. e6 Nc3 37. Re5 Nxa2 38. h4 Nb4 39. h5 Nc2 40. Rf5 Rxf5 41. gxf5 Nd4 42. Kf4 Nxb3 43. Ke5 Nc5 44. Kd6 b4 45. Kxc5 b3 46. Kd6 b2 47. e7 Kf7 48. Kd7 Kf6 49. e8Q b1Q 50. Qg6+ Ke5 51. Qxg7+ Kd5 52. Qf7+ Ke5 53. Qe6+ Kd4 54. Qd6+ Ke4 55. f6 Qb7+ 56. Qc7 1/2-1/2